[Event "DEM U18 2016"]
[Site "Willingen GER"]
[Date "2016.05.21"]
[Round "9.2"]
[White "Ehmann, Thilo"]
[Black "Grigorian, Spartak"]
[Result "0-1"]
[WhiteElo "2239"]
[BlackElo "2294"]
[Annotator "Matthias Krallmann"]
[PlyCount "98"]
[EventDate "2016.05.14"]
[SourceDate "2015.04.14"]
[TimeControl "6000+655"]
[WhiteClock "0:17:01"]
[BlackClock "0:13:33"]

1. e4 c5 2. Nf3 d6 3. d4 cxd4 4. Nxd4 Nf6 5. Nc3 a6 6. Bg5 e6 7. f4 h6 8. Bh4
Qb6 9. a3 Nbd7 10. Bf2 Qc7 11. Be2 (11. Bd3 b5 12. Qe2 Bb7 13. O-O-O Be7 14.
Kb1 Nc5 15. Rhe1 O-O 16. g4 d5 17. exd5 Nxd5 18. Nxd5 Bxd5 19. Nf5 exf5 20.
Qxe7 Qxe7 21. Rxe7 Nxd3 22. Rxd3 Be4 23. Rc3 Rfd8 24. Kc1 Rd5 25. Bb6 a5 26.
gxf5 Bxf5 27. Rc5 Rxc5 28. Bxc5 Rc8 29. b4 axb4 30. axb4 Ra8 31. Ra7 Rxa7 32.
Bxa7 Be6 33. Kd2 f6 34. Ke3 Kf7 35. Bc5 {1/2-1/2 Alvir,A (2341)-Kiss,A (2383)/
Austria 2015/EXT 2016}) 11... b5 12. O-O (12. Bf3 Bb7 13. Qe2 Rc8 14. O-O Be7
15. Rae1 O-O 16. e5 Bxf3 17. gxf3 Nh5 18. Qe3 dxe5 19. fxe5 Bg5 20. Qe4 Bf4 21.
Be3 Nc5 22. Ncxb5 axb5 23. Nxb5 Nxe4 24. Nxc7 Ng5 25. Bb6 Rb8 26. Bd4 Rfc8 27.
Na6 Rxc2 28. Rf2 Nh3+ 29. Kf1 Rxf2+ 30. Bxf2 Rxb2 31. Re2 Rxe2 32. Kxe2 Nxf2
33. Kxf2 Bxh2 {0-1 Igonin,T (2109)-De Filomeno,S (2431)/Al Ain 2013/CBM 158
Extra}) 12... Bb7 13. Re1 Be7 14. Bd3 {Ein Tempoverlust ist im offenen
Sizilianer oft schon der erste Schritt zu einer nachteiligen Stellung. Warum
hat Weiß nicht im 11. Zug Ld3 gespielt, wenn er sich so aufbauen wollte?} O-O
15. Qe2 Nc5 16. f5 (16. e5 {Dieser strategisch eigentlich wünschenswerte
Vorstoß führt hier bereits zum leichten Vorteil für Schwarz, weil Weiß zu
zögerlich gespielt hat.} dxe5 17. fxe5 Nfd7 18. Rad1 Rfd8 19. b4 Nxd3 20. Rxd3
Nb6 $15) 16... e5 17. Nf3 Rfe8 18. Rac1 Rad8 19. Bh4 {[#] Spartak kann nun
eine der Hauptideen für Schwarz im offenen Sizilianer verwirklichen: den
Zentrumshebel d5, der, wenn er nicht taktisch scheitert, beinahe immer zu
gutem Spiel für Schwarz führt. In dieser Stellung steht der Nachziehende nun
bereits besser.} d5 20. Bxf6 Bxf6 21. b4 d4 $6 (21... Nxe4 22. Nxe4 (22. Nxd5
Bxd5 23. Bxe4 Bxe4 {macht keinen Unterschied}) 22... dxe4 23. Bxe4 Bxe4 24.
Qxe4 Qc3 25. Re3 Qb2 26. Rce1 Rc8 $17 {Schwarz belagert die weißen Schwächen
am Damenflügel, während die weiße Dame als Blockeur eine unglückliche Figur
abgibt.}) 22. Nb1 $6 (22. Nxb5 axb5 23. bxc5 Qxc5 24. Rb1 Bc6 25. Rb3 Ra8 26.
Bxb5 Bxb5 27. Rxb5 Qxa3 28. Reb1 {und Weiß hat Chancen sich zu halten.}) 22...
Na4 23. h4 Qe7 24. Qf2 Nb2 25. g4 g5 26. h5 Rc8 27. Nfd2 Rc7 28. Nb3 Na4 29.
Qd2 Rec8 30. Qf2 Bg7 31. f6 {[#] Dem Computer gefällt so ein Bauernopfer
nicht, aber es war noch die beste praktische Chance. Schwarz hätte ansonsten
"auf ein Tor gespielt".} Qxf6 32. Qg2 Qe6 33. Rf1 Bc6 34. Rf5 Qe8 35. Rcf1 Re7
36. Na5 Bd7 37. R5f3 Be6 38. Qg3 Rec7 39. Nd2 Qd7 {Sehr schön. Spartak
widerlegt das Opfer des Bauern f5. Weiß wollte das Feld f5 für seine Figuren
nutzen, aber nun muss er auf seinen Bauern g4 aufpassen.} 40. Ndb3 Rc3 41. Kh1
R8c7 42. R1f2 Qc8 {Das folgende Qualitätsopfer ist bereits Verzweiflung.
Spartak gewinnt die Partie sicher.} 43. Rf6 Qd8 44. Qxe5 Bxb3 45. Nxb3 R3c6 46.
Rxc6 Bxe5 47. Rxa6 Qc8 48. Bxb5 Rxc2 49. Rf5 Qc3 0-1

[Event "DEM U18 2016"]
[Site "Willingen GER"]
[Date "2016.05.18"]
[Round "6.2"]
[White "Pfreundt, Jakob"]
[Black "Grigorian, Spartak"]
[Result "0-1"]
[WhiteElo "2233"]
[BlackElo "2294"]
[Annotator "Matthias Krallmann"]
[PlyCount "98"]
[EventDate "2016.05.14"]
[SourceDate "2015.04.14"]
[TimeControl "6000+1260"]
[WhiteClock "0:06:05"]
[BlackClock "0:17:08"]

1. e4 c5 2. Nf3 d6 3. d4 cxd4 4. Nxd4 Nf6 5. Nc3 Nc6 6. Nb3 e6 7. Be3 Be7 8.
Be2 O-O 9. O-O Qc7 10. f4 a6 11. a4 b6 12. Qe1 Re8 13. Qf2 Rb8 14. Bf3 Na5 15.
Nd2 Bf8 16. Rae1 Nd7 17. Bh5 b5 18. axb5 axb5 19. f5 Ne5 20. fxe6 Bxe6 21. Nd5
Bxd5 22. exd5 Nac4 23. Bd4 Nxd2 24. Qxd2 g6 25. Be2 Bg7 26. Ra1 Qb7 {[#]} 27.
Bxe5 $6 {führt zu einer sehr unbequemen Stellung mit ungleichfarbigen
Läufern.} (27. Be3 Nc4 28. Bxc4 bxc4 29. Ra7 Qxb2 30. Raxf7 Ra8 31. g3 Ra1 32.
Rxa1 Qxa1+ 33. Rf1 Qb2 34. Bf4 Qb5 $15) 27... Bxe5 28. Ra3 (28. Ra2) 28... Rec8
29. Raf3 Rc7 30. c3 Ra8 31. Qd3 b4 32. Qb5 Qxb5 33. Bxb5 bxc3 34. bxc3 Bxc3 35.
Bc6 Bd4+ 36. Kh1 Ra2 37. Rb3 Re7 38. Rb8+ Kg7 39. Re8 Rea7 40. Bb5 Rb2 41. Be2
Be5 42. Bf3 Rf2 $1 43. Rd1 Raa2 44. h3 Rad2 $1 45. Re1 Kf6 46. Ra8 h5 47. Ra3
g5 48. Rae3 {[#]} Kg6 $1 (48... g4 49. hxg4 hxg4 50. Bxg4 Rxg2 51. R3e2 Rgxe2
52. Bxe2 Kg5 53. Bf3 Kf4 $17) 49. R3e2 $4 (49. Rd3 Rb2 50. g4 h4 51. Kg1 Bh2+
52. Kh1 Bg3 53. Ra1 Be5 54. Re1 Kg7 55. Be4 Bg3 56. Red1 Rh2+ 57. Kg1 Rhe2 58.
Bf3 Bf2+ 59. Kh1 Rec2 60. Rf1 Bc5 $19) 49... Rfxe2 0-1

[Event "DEM U18 2016"]
[Site "Willingen GER"]
[Date "2016.05.19"]
[Round "7.2"]
[White "Grigorian, Spartak"]
[Black "Gschnitzer, Adrian"]
[Result "1/2-1/2"]
[WhiteElo "2294"]
[BlackElo "2172"]
[Annotator "Matthias Krallmann"]
[PlyCount "93"]
[EventDate "2016.05.14"]
[SourceDate "2015.04.14"]
[TimeControl "6000+1715"]
[WhiteClock "0:24:22"]
[BlackClock "0:03:49"]

1. d4 Nf6 2. c4 c5 3. d5 b5 4. cxb5 a6 5. bxa6 g6 6. Nc3 Bxa6 7. e4 Bxf1 8.
Kxf1 d6 9. Nf3 Bg7 10. g3 O-O 11. Kg2 Nbd7 12. Qe2 Qb6 13. a4 Rfb8 {[#]} 14.
Nb5 (14. Bd2 Ne8 15. Rhb1 Nc7 16. Ra3 Ra6 17. Nb5 Nxb5 18. axb5 Rxa3 19. bxa3
Qa7 20. Bc1 Qa4 21. Nd2 Nb6 22. Qe3 c4 23. Bb2 Qc2 24. Bxg7 Kxg7 25. Qd4+ Kg8
26. Rb4 Qd1 27. a4 Rc8 28. a5 Nd7 29. b6 Ne5 30. b7 Rb8 31. a6 Nd3 32. Qxd3
cxd3 33. a7 Qxd2 34. axb8=Q+ Kg7 35. Rd4 Qe1 36. Qa7 d2 37. Rxd2 {1-0
Krallmann,M (2221) -Reimche,V (2084)/Verden an der Aller 2014/CBM 163 Extra})
14... Ne8 15. Bg5 Kf8 16. Nd2 Nc7 17. Nc4 Qb7 18. Nxc7 Qxc7 19. a5 Qb7 20. Rhe1
(20. Ra3 Qa6 21. Qc2 Ra7 22. Rb3 Rb5 23. Bd2 Ne5 24. Rxb5 Qxb5 25. b3 Kg8 26.
f4 Nd7 27. Re1 Bd4 28. Na3 Qb7 29. Qc4 Ra8 30. Rb1 Nf6 31. b4 Nxe4 32. bxc5
Nxd2 33. Rxb7 Nxc4 34. Nxc4 Bxc5 35. Rxe7 Bb4 36. Rb7 Bxa5 37. Nxd6 Rd8 38. Ne4
h6 39. Nf6+ Kg7 40. Nd7 Bc3 41. Kf3 Re8 42. Nc5 h5 43. Ne4 Bd4 44. h3 Kf8 45.
g4 hxg4+ 46. hxg4 f5 47. gxf5 gxf5 48. Ng5 Re3+ 49. Kg2 Ke8 50. Ne6 Re4 51. Kg3
Bf6 52. Rh7 Re3+ 53. Kf2 Re4 54. Rb7 Bd4+ 55. Kg2 Bf6 56. Kf3 Re1 57. Rh7 Ra1
58. Ke2 Ra4 59. Kd3 Ra1 60. Kc4 Rd1 61. Ra7 Rd2 62. Rh7 Rd1 63. Nc7+ Kd8 64.
Rf7 Rc1+ 65. Kb5 Be7 66. Ne6+ Kd7 67. Rxf5 Kd6 68. Rh5 Bf6 69. Kb4 Be7 70. Nd4
Rf1 71. Nf5+ Kd7+ 72. Nxe7 Rxf4+ 73. Kc5 Kxe7 74. Rh7+ Kd8 75. Kc6 Rf1 76. Rh8+
{1-0 Meskovs,N (2328) -Antoms,G (2376)/Riga 2013/CBM 154 Extra}) 20... Qa6 21.
Bd2 (21. Ra3 Qb5 22. Bf4 Kg8 23. b3 $14) 21... Ne5 22. Nxe5 Bxe5 23. Bc3 (23.
Qxa6 Rxa6 24. Rab1 Rxb2 25. Rxb2 Bxb2 26. Rb1 Bd4 27. Rb8+ Kg7 28. Rb6 Ra7 29.
a6 c4 30. Rc6 c3 $11) 23... Bxc3 24. bxc3 Rb5 25. e5 Rxa5 26. Rxa5 Qxa5 27.
exd6 exd6 28. Qe7+ Kg7 29. Qxd6 Qxc3 30. Re4 c4 {[#]} 31. Qc5 $2 (31. Qc7 Qd3 (
31... Qa5 32. Qxc4 Rd8 33. Rd4 $14) 32. Qe5+ Kg8 33. Rd4 Qb3 34. Qc7 $14) 31...
Ra5 $11 32. Qd6 Qf6 33. Qd7 Qf5 34. Qxf5 gxf5 35. Rxc4 Rxd5 36. Kf3 Rd6 37. h4
Kf6 38. Kf4 Ra6 39. Rd4 Rb6 40. Ra4 Rc6 41. Ke3 Rb6 42. Rc4 Ra6 43. Kd4 Rd6+
44. Kc5 Rd2 45. Rf4 Ke5 46. Kc4 Rd7 47. Kc3 1/2-1/2

[Event "ODJM A 2016"]
[Site "Willingen GER"]
[Date "2016.05.19"]
[Round "7.39"]
[White "Elier, Ali"]
[Black "Heldt, Nils-Lennart"]
[Result "0-1"]
[WhiteElo "1660"]
[BlackElo "1894"]
[Annotator "Matthias Krallmann"]
[PlyCount "18"]
[EventDate "2016.05.14"]
[SourceDate "2015.04.14"]

1. e4 e5 2. Nf3 Nf6 3. Nxe5 d6 4. Nxf7 Kxf7 5. d4 c5 6. dxc5 d5 7. e5 Ng4 {[#]}
8. f4 $2 (8. b4 Nxe5 9. Bb2 Bg4 10. f3 Qh4+ 11. g3 Nxf3+ 12. Kf2 Qh5 13. h3 $13
) 8... Bxc5 9. f5 $2 Nxe5 0-1

[Event "ODJM A 2016"]
[Site "Willingen GER"]
[Date "2016.05.15"]
[Round "2.4"]
[White "Greßmann, Moritz"]
[Black "Wachinger, David"]
[Result "1-0"]
[WhiteElo "2190"]
[BlackElo "1933"]
[Annotator "Matthias Krallmann"]
[PlyCount "39"]
[EventDate "2016.05.14"]
[SourceDate "2015.04.14"]
[TimeControl "6000+1185"]
[WhiteClock "0:55:11"]
[BlackClock "0:01:03"]

1. e4 c5 2. Nf3 d6 3. Bc4 e6 4. O-O Nc6 5. c3 Nf6 6. d3 Be7 7. Bb3 O-O 8. Re1
b5 9. Nbd2 Bb7 10. d4 cxd4 11. cxd4 e5 (11... Rc8 12. Nf1 d5 13. e5 Ne4 $11)
12. Nf1 Qb6 $6 13. Be3 Ng4 14. dxe5 Nxe3 15. Nxe3 dxe5 16. Nd5 Qd8 17. Qd3 a6
18. Qe3 {[#]} Nd4 $2 19. Nxd4 Bc5 $4 20. Nc6 1-0

[Event "Sen MM Werder-BSG I"]
[Site "?"]
[Date "2016.09.05"]
[Round "7.1"]
[White "Borik, Otto"]
[Black "Buchal, Stephan"]
[Result "0-1"]
[WhiteElo "2378"]
[BlackElo "2348"]
[Annotator "Buchal,Stephan"]
[PlyCount "54"]
[SourceDate "2015.04.14"]

1. d4 g6 2. e4 Bg7 3. Nc3 {Große Überraschung! Ich hatte eine Fortsetzung
unseres "königsindischen Dialogs" erwartet - aber natürlich kennt Otto alles
und hat früher öfter 1.e4 gespielt.} d6 4. f4 {Nach meinen jüngsten Pleiten
in der Modern Defence hatte ich die Befürchtung, dass Otto sich eine meiner
Niederlagen ausgeguckt und gut vorbereitet hat. Also griff ich mal wieder zum
"soliden Pirc".} Nf6 5. Nf3 c5 {Bedenkzeit: 2 - 3.} 6. d5 {Nach einigem
Zögern gespielt. Die Hauptfortsetzungen 6.Lb5+ und 6.dxc5 erfordern gute
Theoriekentnisse.} O-O {[#]} 7. a4 {Nach längerem Nachdenken. Ich fühlte
mich derweil schon wohl, weil mein Pirc offensichtlich die Vorbereitung meines
Gegners durchkreuzt hat.} ({Ich vermute, dass sich Otto über die Folgen von} 
7. Bd3 $5 b5 8. Nxb5 c4 9. Bxc4 Nxe4 {genauso wenig im Klaren war wie ich und
deshalb mit dem Textzug b7-b5 erstmal verhindert - auf Kosten eines Tempos.})
7... e6 8. dxe6 fxe6 ({Mir war bewusst, dass} 8... Bxe6 {zum Ausgleich
genügen sollte, aber ich wollte die Partie kompliziert halten.und der Textzug
ist in diesem Stellungstyp nicht ungebräuchlich.}) {Hier vertiefte sich Otto
das erste Mal lange in die Stellung und spielte nach 20 Minuten (!)} 9. Bc4 Nc6
(9... Nxe4 $6 10. Nxe4 d5 11. Ba2 $1 dxe4 12. Qxd8 Rxd8 13. Ng5 {ist nicht
erstrebenswert.}) 10. O-O Kh8 {[#] 42 - 26} 11. h3 {Nach weiteren 31 Minuten!
Weiß hat offensichtlich Probleme, seine Figuren harmonisch zu entwickeln,
insbesondere der Bauer f4 ist äußerst störend. Deshalb bereitet Otto Lc1-e3
vor.} ({Besserr waren} 11. e5 dxe5 12. Qxd8 Rxd8 13. Nxe5 Nxe5 14. fxe5 Ng4 15.
Nb5 Bxe5 16. Bg5 {und Weiß hat genug Kompensation für den Bauern.}) ({
oder auch} 11. Be3 Ng4 12. Bd2 Nd4 13. Ng5 Nf6 {mit komplizierter Stellung.})
11... Qe7 ({Ich beschäftigte mich hier auch mit dem naheliegenden} 11... Nh5
$5 12. Ng5 Qe7 13. g4 Ng3 $5 14. Rf3 Nxe4 {aber konnte das nicht vernünftig
berechnen und schreckte deshalb davor zurück. Die Engines mögen das und
sehen Schwarz leicht im Vorteil.}) 12. e5 {Weitere 6 Minuten. Otto hatte jetzt
noch 11 Minuten für die verbleibenden 28 Züge. Nach der Partie erwähnte er,
dass er ganz vergessen hatte, dass wir ohne Bonus-Sekunden spielen. Das ist
schon schwierig mit den ständig wechselnden Bedenkzeiten!} Ne8 {Das war meine
Idee. Die Stellung bleibt undurchsichtig und schwer zu spielen. In Zeitnot
fast unmöglich.} 13. Qe2 {[#]} Nd4 $2 (13... d5 $142 14. Bb5 Bd7 {mit guter
Stellung für Schwarz. Beim Textzug hatte ich mich verrechnet.}) 14. Nxd4 cxd4
15. Nb5 dxe5 {81 - 54} 16. b3 $6 {[#]} (16. fxe5 $1 Rxf1+ 17. Qxf1 $1 ({
Nach dem "geplanten"} 17. Kxf1 Qc5 {ist alles o.k.}) 17... Bxe5 18. Bg5 $1 {
den hatte ich übersehen. Jetzt behält Weiß leichten Vorteil bei einfacher
Stellung} Bf6 (18... Qg7 19. Re1 $16) 19. Bxf6+ Qxf6 20. Qxf6+ Nxf6 21. Nc7)
16... exf4 $5 {Jetzt bleibt es schön kompliziert, Schwarz hat genug
Kompensation für die Qualität und die Stellung ist einfacher zu spielen.
Otto hat in großer Zeitnot keine Chance, das zu verteidigen.} 17. Ba3 Qf6 18.
Bxf8 $6 (18. Rae1 $142 $1 Rf7 19. Bc5 Qg5 20. Bxd4 Bd7 $11) 18... Qxf8 $15 19.
Rad1 (19. c3 $142 $5) (19. Bxe6 d3 20. cxd3 Bxe6 21. Qxe6 a6 22. Na3 Qc5+ 23.
Kh1 Bxa1 24. Rxa1 f3 $1 $17) 19... e5 {droht ...a6 mit Springerfang.} 20. b4 a6
$19 {83 - 65} 21. Na3 Qxb4 {Schwarz steht auf Gewinn. Ab jetzt war ich nur
noch darauf bedacht, in Ottos Zeitnot nichts einzustellen, was mir gelang.} 22.
Qf3 Qc5 23. Ba2 Nd6 (23... d3+ 24. Kh1 Qxa3 {gewinnt schneller}) 24. Nb1 Bf5
25. Kh1 Be4 26. Qa3 Qxa3 27. Nxa3 Nf5 {und er gab den hoffnungslosen Kampf auf.
Damit konnte ich mein "Life-Score" gegen Otto wieder auf 2,5 aus 5 ausgleichen.
Interessanterweise haben wir mit Schwarz 4,5 aus 5 erzielt, nur Otto konnte
ein einziges Weißremis schaffen.} 0-1

[Event "Xtracon Chess Open 2016"]
[Site "Elsinore"]
[Date "2016.07.23"]
[Round "1.10"]
[White "Bluebaum, Matthias"]
[Black "Stam, Bart"]
[Result "1-0"]
[WhiteElo "2618"]
[BlackElo "1929"]
[PlyCount "39"]
[EventDate "2016.07.23"]
[SourceDate "2015.04.14"]

1. d4 Nf6 2. c4 e6 3. Nf3 c5 4. g3 cxd4 5. Nxd4 Bb4+ 6. Nc3 O-O 7. Bg2 Nc6 8.
O-O a6 9. Na4 d5 10. cxd5 exd5 11. Be3 Ne5 12. Qb3 Ba5 13. Bg5 Nc4 14. Rfd1 Bd7
15. Nc5 Bc6 16. Nxb7 Bxb7 17. Qxb7 Rb8 18. Bxf6 Qxf6 19. Qxd5 Rfc8 20. Nc6 1-0

[Event "Xtracon Chess Open 2016"]
[Site "Elsinore"]
[Date "2016.07.23"]
[Round "1.2"]
[White "Fressinet, Laurent"]
[Black "Holmstrom, Johan Ravnborg"]
[Result "1-0"]
[WhiteElo "2677"]
[BlackElo "1942"]
[PlyCount "51"]
[EventDate "2016.07.23"]
[SourceDate "2015.04.14"]

1. Nf3 Nf6 2. g3 b6 3. Bg2 Bb7 4. c4 g6 5. d4 Bg7 6. O-O d6 7. d5 O-O 8. Nc3 c6
9. Nd4 cxd5 10. cxd5 a6 11. a4 Qc7 12. Bf4 Nbd7 13. Rc1 Rac8 14. Na2 Qb8 15.
Nc6 Bxc6 16. dxc6 Nc5 17. b4 Ne6 18. Be3 b5 19. Nc3 Ng4 20. Nd5 Rfe8 21. Bb6
Ne5 22. c7 Nxc7 23. Bxc7 Qa7 24. Bb6 Qd7 25. axb5 axb5 26. Bd4 1-0

[Event "Xtracon Chess Open 2016"]
[Site "Elsinore"]
[Date "2016.07.24"]
[Round "2.2"]
[White "Christensen, Bo Garner"]
[Black "Fressinet, Laurent"]
[Result "0-1"]
[WhiteElo "2150"]
[BlackElo "2677"]
[PlyCount "44"]
[EventDate "2016.07.23"]
[SourceDate "2015.04.14"]

1. e4 c5 2. Nf3 Nc6 3. Nc3 e6 4. Bc4 a6 5. a4 Nf6 6. Qe2 d6 7. d3 Be7 8. O-O
O-O 9. e5 dxe5 10. Nxe5 Nd4 11. Qd1 b6 12. Be3 Bb7 13. f4 Bd6 14. Rf2 Kh8 15.
g4 Qc7 16. h3 Bxe5 17. fxe5 Nd7 18. Bf4 Nxe5 19. Kh2 g5 20. Bg3 f5 21. gxf5
Nxf5 22. Qf1 Ng4+ 0-1

[Event "Xtracon Chess Open 2016"]
[Site "Elsinore"]
[Date "2016.07.24"]
[Round "2.10"]
[White "Hofmann, Rares"]
[Black "Bluebaum, Matthias"]
[Result "0-1"]
[WhiteElo "2118"]
[BlackElo "2618"]
[PlyCount "60"]
[EventDate "2016.07.23"]
[SourceDate "2015.04.14"]

1. e4 e6 2. d4 d5 3. exd5 exd5 4. Bd3 Nc6 5. Nf3 Bd6 6. Nc3 Nge7 7. O-O Bg4 8.
Be3 a6 9. a3 Qd7 10. h3 Bh5 11. b4 f6 12. b5 axb5 13. Nxb5 O-O 14. Nxd6 Qxd6
15. g4 Bg6 16. Nh4 Rxa3 17. Nxg6 Nxg6 18. Rxa3 Qxa3 19. Qb1 b6 20. c4 dxc4 21.
Bxg6 hxg6 22. Qxg6 Ne7 23. Qe4 Qd6 24. Bf4 Qd7 25. d5 Nxd5 26. Rd1 c6 27. Qxc4
Qe6 28. Bd2 b5 29. Qc5 Qe2 30. Qc1 Qf3 0-1

[Event "Xtracon Chess Open 2016"]
[Site "Elsinore"]
[Date "2016.07.24"]
[Round "3.2"]
[White "Fressinet, Laurent"]
[Black "Sowray, Peter J"]
[Result "1-0"]
[WhiteElo "2677"]
[BlackElo "2348"]
[PlyCount "71"]
[EventDate "2016.07.23"]
[SourceDate "2015.04.14"]

1. d4 f5 2. Nf3 Nf6 3. c4 g6 4. Nc3 Bg7 5. Bf4 O-O 6. e3 d6 7. c5 Kh8 8. Bc4
Nc6 9. O-O a6 10. Bg3 Qe8 11. Rc1 Bd7 12. d5 Nd8 13. b4 Rc8 14. Nd4 dxc5 15.
bxc5 e5 16. Nf3 Nf7 17. Qb3 e4 18. Nd4 Nh5 19. c6 Bxd4 20. cxd7 Qxd7 21. exd4
f4 22. Nxe4 fxg3 23. fxg3 Nd6 24. Nc5 Qg4 25. Ne6 Rxf1+ 26. Bxf1 Nf6 27. Qe3
Nfe4 28. Bd3 Qf5 29. Re1 Qxd5 30. Nf4 Qa5 31. Bxe4 Re8 32. Nxg6+ hxg6 33. Qh6+
Kg8 34. Qxg6+ Kf8 35. Qf6+ Kg8 36. Rf1 1-0

[Event "Xtracon Chess Open 2016"]
[Site "Elsinore"]
[Date "2016.07.24"]
[Round "3.10"]
[White "Bluebaum, Matthias"]
[Black "Flick, Antoine"]
[Result "1-0"]
[WhiteElo "2618"]
[BlackElo "2318"]
[PlyCount "43"]
[EventDate "2016.07.23"]
[SourceDate "2015.04.14"]

1. d4 d5 2. c4 c6 3. Nf3 Nf6 4. Nc3 dxc4 5. a4 Bf5 6. Ne5 Nbd7 7. Nxc4 Qc7 8.
g3 e5 9. dxe5 Nxe5 10. Bf4 Nfd7 11. a5 g5 12. Bxe5 Nxe5 13. Qd4 Ng6 14. Bg2 Be6
15. a6 b6 16. Qe4 Rc8 17. Bh3 Qe7 18. Rd1 Bxh3 19. Nd6+ Kd8 20. Nxc8+ Kxc8 21.
Qxc6+ Kb8 22. Rd8+ 1-0

[Event "Xtracon Chess Open 2016"]
[Site "Elsinore"]
[Date "2016.07.25"]
[Round "4.2"]
[White "Schroeder, Jan-Christian"]
[Black "Fressinet, Laurent"]
[Result "1/2-1/2"]
[WhiteElo "2507"]
[BlackElo "2677"]
[PlyCount "65"]
[EventDate "2016.07.23"]
[SourceDate "2015.04.14"]

1. e4 e5 2. Nf3 Nc6 3. Bc4 Bc5 4. c3 Nf6 5. d3 O-O 6. O-O d6 7. a4 a6 8. Bg5 h6
9. Bh4 g5 10. Bg3 g4 11. Bh4 gxf3 12. Qxf3 Kg7 13. Nd2 Rg8 14. Rfe1 Kg6 15. h3
Be6 16. Bd5 Qe7 17. Nf1 Raf8 18. Bxc6 bxc6 19. Ng3 Re8 20. d4 Ba7 21. Rad1 Bc8
22. Nf5 Qd8 23. a5 Kh7 24. dxe5 Rxe5 25. Nxh6 Rg6 26. Nxf7 Qe7 27. Nxe5 Qxe5
28. Rd3 Nh5 29. Qf7+ Rg7 30. Qf8 Rg8 31. Qf7+ Rg7 32. Qf8 Rg8 33. Qf7+ 1/2-1/2

[Event "Xtracon Chess Open 2016"]
[Site "Elsinore"]
[Date "2016.07.25"]
[Round "4.6"]
[White "Goh, Wei Ming Kevin"]
[Black "Bluebaum, Matthias"]
[Result "1/2-1/2"]
[WhiteElo "2435"]
[BlackElo "2618"]
[PlyCount "40"]
[EventDate "2016.07.23"]
[SourceDate "2015.04.14"]

1. e4 e6 2. d4 d5 3. Nc3 Nf6 4. e5 Nfd7 5. f4 c5 6. Nf3 Nc6 7. Be3 Be7 8. Qd2
O-O 9. dxc5 Nxc5 10. O-O-O b6 11. Bb5 Bb7 12. Bxc6 Bxc6 13. Nd4 Rc8 14. f5 b5
15. Kb1 b4 16. Nce2 Bd7 17. Rhf1 Ne4 18. Qd3 Nc5 19. Qd2 Ne4 20. Qd3 Nc5
1/2-1/2

[Event "Xtracon Chess Open 2016"]
[Site "Elsinore"]
[Date "2016.07.26"]
[Round "5.4"]
[White "Fressinet, Laurent"]
[Black "Zoler, Dan"]
[Result "1/2-1/2"]
[WhiteElo "2677"]
[BlackElo "2484"]
[PlyCount "96"]
[EventDate "2016.07.23"]
[SourceDate "2015.04.14"]

1. Nf3 c5 2. e4 d6 3. Bb5+ Bd7 4. Bxd7+ Qxd7 5. d4 cxd4 6. Qxd4 Nc6 7. Qd3 g6
8. O-O Bg7 9. c4 Nf6 10. h3 O-O 11. Nc3 Rac8 12. Bd2 e6 13. Rfd1 Rfd8 14. Rac1
Qe7 15. Qe2 h6 16. Be3 Kh7 17. b3 Rd7 18. Nd4 Qd8 19. Nxc6 Rxc6 20. Bd4 a6 21.
Qf3 Qe7 22. Rc2 Rdc7 23. Re2 Qd8 24. Red2 Qe7 25. e5 Ne8 26. exd6 Rxd6 27. Bxg7
Rxd2 28. Rxd2 Kxg7 29. Qe3 Rd7 30. Rxd7 Qxd7 31. Ne4 Qd1+ 32. Kh2 Qa1 33. Nc3
g5 34. Qd4+ Nf6 35. b4 Qb2 36. c5 Kg6 37. a3 e5 38. Qd3+ Kg7 39. Nd1 Qa2 40.
Qf3 e4 41. Qg3 Kg6 42. Qd6 Qxa3 43. Qb6 Qa4 44. Ne3 Qc6 45. Qd8 Qd7 46. Qb6 Qc6
47. Qd8 Qd7 48. Qb6 Qc6 1/2-1/2

[Event "Xtracon Chess Open 2016"]
[Site "Elsinore"]
[Date "2016.07.26"]
[Round "5.11"]
[White "Bluebaum, Matthias"]
[Black "Christiansen, Johan-Sebastian"]
[Result "1-0"]
[WhiteElo "2618"]
[BlackElo "2411"]
[Annotator "Matthias Krallmann"]
[PlyCount "83"]
[EventDate "2016.07.23"]
[SourceDate "2015.04.14"]

1. d4 d5 2. c4 dxc4 3. e4 Nf6 4. e5 Nd5 5. Bxc4 Nb6 6. Bd3 Nc6 7. Be3 Nb4 8.
Be4 f5 9. a3 N4d5 10. Bxd5 Nxd5 11. Nc3 {Diagramm #} Nxe3 (11... Be6 12. Nge2
c6 13. h4 Nxc3 14. bxc3 Bc4 15. Nf4 Qa5 $11 {1/2-1/2 Dreev, A (2662)
-Alekseenko,K (2480)/St Petersburg 2014/CBM 162 Extra (43)}) 12. fxe3 g6 13.
Nf3 Bh6 14. Kf2 c6 15. Qb3 Qb6 16. Qa2 f4 17. e4 Bg4 18. Rhd1 O-O-O 19. Qc4 Kb8
20. Na4 Qc7 21. Nc5 g5 22. Rd3 Qc8 23. h3 {Diagramm #} Bh5 $2 (23... Bxf3 24.
Rxf3 Ka8) 24. e6 (24. Rb3 b6 25. Rc1 Ka8 26. Rxb6 axb6 27. Qa4+ Kb8 28. Na6+
Kb7 29. Nb4 Qa8 30. Qxc6+ Ka7 31. Qxh6 $18) 24... Ka8 (24... Bxf3 25. gxf3 Ka8
26. Rb3 b6 27. Nd7 Rxd7 28. exd7 Qxd7 29. Rc3 Bg7 30. e5 Kb8 $16) 25. Rb3 b5 $2
(25... b6) 26. Qb4 $18 {Diagramm #} Bxf3 27. gxf3 Bg7 28. e5 Qc7 29. a4 {
Jetzt verfügt Weiß über diesen entscheidenden Hebel.} Rb8 30. Na6 Qb6 31. Nxb8
Rxb8 32. a5 Qc7 33. Qc5 a6 34. Rc3 Rc8 35. b4 h5 36. Rac1 Kb7 37. Ke2 Qd8 38.
d5 Ka8 39. Qd4 g4 40. Rxc6 gxf3+ 41. Kxf3 Rxc6 42. Rxc6 1-0

[Event "Xtracon Chess Open 2016"]
[Site "Elsinore"]
[Date "2016.07.27"]
[Round "6.5"]
[White "Carlstedt, Jonathan"]
[Black "Bluebaum, Matthias"]
[Result "1/2-1/2"]
[WhiteElo "2457"]
[BlackElo "2618"]
[PlyCount "79"]
[EventDate "2016.07.23"]
[SourceDate "2015.04.14"]

1. d4 Nf6 2. c4 e6 3. Nc3 Bb4 4. e3 O-O 5. Nge2 c6 6. a3 Ba5 7. b4 Bc7 8. Ng3
d5 9. cxd5 cxd5 10. f4 Nc6 11. Be2 Ne7 12. O-O Bd7 13. Qb3 Nc8 14. a4 Nd6 15.
Ba3 Rc8 16. Rad1 Re8 17. Bc1 Bb8 18. Bd3 Qc7 19. Nce2 Nc4 20. e4 dxe4 21. Nxe4
Nxe4 22. Bxe4 Nd6 23. Bd3 Bc6 24. Qc2 g6 25. Bb2 a6 26. Rc1 Qd7 27. Nc3 Ba7 28.
Kh1 Bxd4 29. Qe2 b5 30. Rfd1 e5 31. fxe5 Bxe5 32. Qf1 Qh3 33. Qg1 Nf5 34. Ne2
Qg4 35. Bxe5 Rxe5 36. Bxf5 Qxf5 37. Nd4 Qf6 38. Rf1 Qd6 39. Qf2 f5 40. Qf4
1/2-1/2